000 00415nam a22001697a 4500
005 20180425121431.0
008 160520b xxu||||| |||| 00| 0 eng d
020 _a978-81-7409-195-5
041 _aeng
082 _b3507
_a510.2462
100 _aGrawal B.S.
_9879
245 _aHigher Engineering Mathematics
260 _bKhanna Publishing
300 _a1312
650 _aDIPLOMA ENGINEERING
_9817
942 _cBK
999 _c1202
_d1202